[Event "43. Olimpiada Batumi 2018 Femenina"]
[Site "Batumi GEO"]
[Date "2018.10.02"]
[Round "8.2"]
[White "Yearwood, Shannon"]
[Black "Omurbekova, Diana"]
[Result "0-1"]
[WhiteElo "1608"]
[BlackElo "1877"]
[PlyCount "134"]
[EventDate "2018.09.24"]
[EventType "team-swiss"]
[EventRounds "11"]
[EventCountry "GEO"]
[SourceTitle "Ajedrez en Madrid"]
[Source "lmi"]
[SourceDate "2018.09.24"]
[WhiteTeam "Trinidad & Tobago"]
[BlackTeam "Kyrgyzstan"]
[BlackTeamCountry "KGZ"]

1. e4 g6 2. d4 Bg7 3. Nf3 c6 4. Bc4 d5 5. exd5 cxd5 6. Bb5+ Bd7 7. Bxd7+ Nxd7
8. c3 Ngf6 9. Bf4 O-O 10. O-O Qb6 11. Qb3 Rac8 12. Nbd2 e6 13. Rfe1 Qa6 14. h3
Rc6 15. a4 Rb6 16. Qc2 Rc8 17. Reb1 Bf8 18. Qd1 Qd3 19. Qf1 Qc2 20. Ne1 Qf5 21.
Bh2 Ne4 22. Nxe4 Qxe4 23. Qd3 Nf6 24. f3 Qxd3 25. Nxd3 a5 26. Ne5 Be7 27. Kf2
Ne8 28. Ke2 Rb3 29. Kd3 f6 30. Nd7 Rc6 31. Kc2 Rb4 32. Kd3 Rbc4 33. Rc1 Bb4 34.
Bf4 Bd6 35. Bxd6 Rxd6 36. Nc5 b6 37. b3 Rxc5 38. dxc5 bxc5 39. Rab1 Rb6 40. g4
e5 41. Re1 Kf7 42. Kc2 Nc7 43. Rbd1 Rd6 44. g5 Ne6 45. h4 Nf4 46. Rb1 Ng2 47.
Rh1 Rb6 48. Rbg1 Nf4 49. Rd1 Ke6 50. Rhg1 fxg5 51. hxg5 Kf5 52. Rh1 Rb7 53.
Rde1 Re7 54. Reg1 Ne6 55. Rd1 Rd7 56. Rd3 Kxg5 57. Rhd1 Nf4 58. R3d2 h5 59.
Rg1+ Kf5 60. Rh2 g5 61. Kd2 e4 62. Ke3 d4+ 63. cxd4 cxd4+ 64. Kf2 e3+ 65. Ke1
d3 66. Kd1 d2 67. Rf1 Rb7 0-1

[Event "43. Olimpiada Batumi 2018 Femenina"]
[Site "Batumi GEO"]
[Date "2018.10.02"]
[Round "8.3"]
[White "Momunalieva, Shaadat"]
[Black "James, Shemilah"]
[Result "1-0"]
[WhiteElo "1594"]
[BlackElo "1535"]
[PlyCount "125"]
[EventDate "2018.09.24"]
[EventType "team-swiss"]
[EventRounds "11"]
[EventCountry "GEO"]
[SourceTitle "Ajedrez en Madrid"]
[Source "lmi"]
[SourceDate "2018.09.24"]
[WhiteTeam "Kyrgyzstan"]
[BlackTeam "Trinidad & Tobago"]
[WhiteTeamCountry "KGZ"]

1. d4 d5 2. c4 e6 3. Nc3 Nf6 4. Nf3 Nbd7 5. Bg5 Be7 6. e3 O-O 7. Rc1 b6 8. Bd3
Bb7 9. O-O Rc8 10. Qe2 h6 11. Bh4 c5 12. Rfd1 Ne4 13. Bg3 Ndf6 14. cxd5 Nxg3
15. hxg3 Nxd5 16. Nxd5 Bxd5 17. Ba6 Rc7 18. dxc5 Qa8 19. cxb6 Rxc1 20. Rxc1
axb6 21. a3 Bf6 22. Bd3 Bxf3 23. gxf3 Rd8 24. Be4 Qb8 25. Qb5 Qe5 26. Qxe5 Bxe5
27. b3 Bb2 28. Rc6 Bxa3 29. Rxb6 Kf8 30. b4 Ke7 31. b5 Rd1+ 32. Kg2 Rd2 33. Bc6
Rd8 34. Rb7+ Kf6 35. Ra7 Bc5 36. Rb7 Bd6 37. f4 g5 38. fxg5+ hxg5 39. Kf3 Rg8
40. Kg4 Kg6 41. Ra7 Bc5 42. Ra6 Rb8 43. Kf3 Kf5 44. g4+ Ke5 45. Ke2 Kd6 46. Kd3
Ke5 47. Ke2 f6 48. Ra5 Bb6 49. Ra1 Bc5 50. Rd1 Bb6 51. Kf3 Rd8 52. Ra1 Rb8 53.
Kg3 f5 54. gxf5 exf5 55. f4+ gxf4+ 56. exf4+ Kf6 57. Rc1 Rg8+ 58. Kf3 Rh8 59.
Bd7 Rh5 60. Rc6+ Ke7 61. Bxf5 Rxf5 62. Rxb6 Rc5 63. Kg4 1-0

[Event "43. Olimpiada Batumi 2018 Femenina"]
[Site "Batumi GEO"]
[Date "2018.10.02"]
[Round "8.4"]
[White "Ali, Amy"]
[Black "Usupbekova, Zarina"]
[Result "0-1"]
[WhiteElo "1446"]
[BlackElo "1572"]
[PlyCount "50"]
[EventDate "2018.09.24"]
[EventType "team-swiss"]
[EventRounds "11"]
[EventCountry "GEO"]
[SourceTitle "Ajedrez en Madrid"]
[Source "lmi"]
[SourceDate "2018.09.24"]
[WhiteTeam "Trinidad & Tobago"]
[BlackTeam "Kyrgyzstan"]
[BlackTeamCountry "KGZ"]

1. d4 Nf6 2. Bf4 d6 3. Nc3 g6 4. e4 Bg7 5. Qd2 h6 6. Be2 Nfd7 7. O-O-O Nc6 8.
h4 Nxd4 9. Be3 Nxe2+ 10. Ngxe2 Ne5 11. Bd4 Nc4 12. Qd3 Ne5 13. Qg3 Rg8 14. f4
Ng4 15. Bxg7 Rxg7 16. e5 h5 17. Rhe1 Kf8 18. Nd4 e6 19. Nf3 d5 20. Nh2 Nxh2 21.
Qxh2 Qe7 22. Qg3 Bd7 23. Nb1 a5 24. Qa3 c5 25. Nc3 b5 0-1

[Event "43. Olimpiada Batumi 2018 Femenina"]
[Site "Batumi GEO"]
[Date "2018.10.02"]
[Round "8.1"]
[White "Girmay, Feven Gebremeskel"]
[Black "Thorsteinsdottir, Gudlaug"]
[Result "1/2-1/2"]
[WhiteElo "1483"]
[BlackElo "1981"]
[PlyCount "126"]
[EventDate "2018.09.24"]
[EventType "team-swiss"]
[EventRounds "11"]
[EventCountry "GEO"]
[SourceTitle "Ajedrez en Madrid"]
[Source "lmi"]
[SourceDate "2018.09.24"]
[WhiteTeam "Ethiopia"]
[BlackTeam "Iceland"]
[WhiteTeamCountry "ETH"]
[BlackTeamCountry "ISL"]

1. d4 d5 2. c4 c6 3. Nc3 Nf6 4. Bf4 dxc4 5. e3 b5 6. a4 b4 7. Na2 e6 8. Bxc4
Bd6 9. Bxd6 Qxd6 10. Qb3 a5 11. Nf3 O-O 12. O-O Bb7 13. Rfd1 Nbd7 14. h3 Rac8
15. Rac1 Qe7 16. Qc2 c5 17. b3 cxd4 18. Nxd4 Ne5 19. Qe2 Nxc4 20. Rxc4 Ba6 21.
Nb5 Nd5 22. Rdc1 Qd7 23. Qd2 Rcd8 24. Rc5 Qe7 25. Qb2 Rc8 26. Rxc8 Rxc8 27.
Rxc8+ Bxc8 28. Qe5 h6 29. Qb8 Qb7 30. Qxb7 Bxb7 31. Kf1 Kf8 32. Ke1 Nb6 33. g3
Bd5 34. Nc1 Ke7 35. Kd2 e5 36. Kd3 f5 37. Nc7 Bc6 38. f4 Kd6 39. Nb5+ Bxb5+ 40.
axb5 exf4 41. exf4 Kc5 42. Ne2 Nd5 43. g4 g6 44. gxf5 gxf5 45. Kc2 Ne7 46. Kd3
Nd5 47. h4 h5 48. b6 Nxb6 49. Ng3 a4 50. bxa4 Nxa4 51. Kc2 Kc4 52. Nxf5 b3+ 53.
Kb1 Nc3+ 54. Kb2 Nd1+ 55. Kb1 Kb4 56. Nd4 b2 57. f5 Kc5 58. f6 Kd6 59. Nf5+ Ke6
60. Ng7+ Kxf6 61. Nxh5+ Kg6 62. Nf4+ Kh6 63. h5 Kg5 1/2-1/2

[Event "43. Olimpiada Batumi 2018 Femenina"]
[Site "Batumi GEO"]
[Date "2018.10.02"]
[Round "8.2"]
[White "Davidsdottir, Nansy"]
[Black "Haile, Lidet Abate"]
[Result "1-0"]
[WhiteElo "1945"]
[BlackElo "1544"]
[PlyCount "25"]
[EventDate "2018.09.24"]
[EventType "team-swiss"]
[EventRounds "11"]
[EventCountry "GEO"]
[SourceTitle "Ajedrez en Madrid"]
[Source "lmi"]
[SourceDate "2018.09.24"]
[WhiteTeam "Iceland"]
[BlackTeam "Ethiopia"]
[WhiteTeamCountry "ISL"]
[BlackTeamCountry "ETH"]

1. e4 e5 2. Nf3 Nc6 3. d4 exd4 4. Nxd4 Nxd4 5. Qxd4 d6 6. Nc3 c6 7. Bf4 Nf6 8.
O-O-O d5 9. exd5 cxd5 10. Nb5 Bf5 11. Nc7+ Ke7 12. Bb5 Bd7 13. Qc5# 1-0

[Event "43. Olimpiada Batumi 2018 Femenina"]
[Site "Batumi GEO"]
[Date "2018.10.02"]
[Round "8.3"]
[White "Eshete, Ruth Leykun"]
[Black "Johannsdottir, Johanna Bjorg"]
[Result "1/2-1/2"]
[WhiteElo "1508"]
[BlackElo "1900"]
[PlyCount "83"]
[EventDate "2018.09.24"]
[EventType "team-swiss"]
[EventRounds "11"]
[EventCountry "GEO"]
[SourceTitle "Ajedrez en Madrid"]
[Source "lmi"]
[SourceDate "2018.09.24"]
[WhiteTeam "Ethiopia"]
[BlackTeam "Iceland"]
[WhiteTeamCountry "ETH"]
[BlackTeamCountry "ISL"]

1. c4 Nf6 2. Nc3 g6 3. e3 Bg7 4. d4 O-O 5. Nf3 d6 6. Be2 Nbd7 7. O-O e5 8. h3
e4 9. Nd2 Re8 10. f3 exf3 11. Nxf3 c6 12. Bd3 d5 13. Qb3 Nb6 14. cxd5 cxd5 15.
Bd2 a6 16. Rac1 Be6 17. Qd1 Qd6 18. Qe1 Rad8 19. Qh4 Bc8 20. Ne5 Re7 21. a3
Nbd7 22. Ne2 Nxe5 23. Bb4 Qd7 24. dxe5 Rxe5 25. Rxf6 Bxf6 26. Qxf6 Re6 27. Qd4
Rde8 28. Bc3 Re5 29. Qf4 R5e6 30. Bd4 Qd6 31. Qh6 f6 32. Nf4 R6e7 33. Bc5 Qe5
34. Bd4 Qd6 35. Ne2 Rf7 36. Nf4 b5 37. Nxg6 hxg6 38. Bxg6 Rg7 39. Bxe8 Qg3 40.
Rc2 Qe1+ 41. Kh2 Qg3+ 42. Kg1 1/2-1/2

[Event "43. Olimpiada Batumi 2018 Femenina"]
[Site "Batumi GEO"]
[Date "2018.10.02"]
[Round "8.4"]
[White "Fridthjofsdottir, Sigurl. Regina"]
[Black "Bantiwalu, Aster Melake"]
[Result "1-0"]
[WhiteElo "1724"]
[BlackElo "1365"]
[PlyCount "81"]
[EventDate "2018.09.24"]
[EventType "team-swiss"]
[EventRounds "11"]
[EventCountry "GEO"]
[SourceTitle "Ajedrez en Madrid"]
[Source "lmi"]
[SourceDate "2018.09.24"]
[WhiteTeam "Iceland"]
[BlackTeam "Ethiopia"]
[WhiteTeamCountry "ISL"]
[BlackTeamCountry "ETH"]

1. e4 e5 2. Nf3 Nc6 3. Bb5 Bc5 4. O-O d6 5. Bxc6+ bxc6 6. d4 exd4 7. Nxd4 Bb7
8. Nb3 Bb6 9. Nc3 h6 10. Bf4 a6 11. Qg4 Qf6 12. e5 Qg6 13. Qxg6 fxg6 14. exd6
Nf6 15. Rae1+ Kf8 16. dxc7 Rc8 17. Bd6+ Kg8 18. Nc5 Bxc5 19. Bxc5 Rxc7 20. Re6
Kh7 21. Rfe1 Nd7 22. Bd6 Rcc8 23. Re7 Rhd8 24. h3 c5 25. Be5 Nxe5 26. R1xe5 Ba8
27. Ra7 Rd6 28. Ree7 Rg8 29. Na4 Rd1+ 30. Kh2 Rd2 31. Kg3 Rxc2 32. Rac7 Bd5 33.
a3 Bb3 34. Nxc5 Bd5 35. Na4 Rxc7 36. Rxc7 Bb3 37. Nc3 Rd8 38. Ne4 Rd3+ 39. f3
Kh8 40. Nc5 Re3 41. Kf2 1-0

[Event "43. Olimpiada Batumi 2018 Femenina"]
[Site "Batumi GEO"]
[Date "2018.10.02"]
[Round "8.1"]
[White "February, Jesse Nikki"]
[Black "Hernandez, Bera"]
[Result "1-0"]
[WhiteElo "1933"]
[BlackElo "1778"]
[PlyCount "81"]
[EventDate "2018.09.24"]
[EventType "team-swiss"]
[EventRounds "11"]
[EventCountry "GEO"]
[SourceTitle "Ajedrez en Madrid"]
[Source "lmi"]
[SourceDate "2018.09.24"]
[WhiteTeam "South Africa"]
[BlackTeam "El Salvador"]
[WhiteTeamCountry "RSA"]
[BlackTeamCountry "ESA"]

1. e4 e5 2. Nf3 Nc6 3. Bc4 Nf6 4. Ng5 d5 5. exd5 Nxd5 6. Nxf7 Kxf7 7. Qf3+ Qf6
8. Bxd5+ Ke8 9. c3 Be7 10. O-O Rf8 11. d3 Qd6 12. Bxc6+ bxc6 13. Qe2 Rf7 14.
Nd2 Qg6 15. Ne4 Bh3 16. f4 Bg4 17. Qc2 Kd7 18. Be3 Raf8 19. fxe5 Qh5 20. Nf2
Be6 21. d4 Bh4 22. Nd3 Bc4 23. Rxf7+ Qxf7 24. b3 Bd5 25. c4 Bf3 26. Nf4 Bg4 27.
d5 Kc8 28. e6 Qf6 29. Rc1 Qe5 30. Qc3 Qe4 31. g3 Bf6 32. Qd3 Qe5 33. Bf2 g5 34.
Re1 Qb2 35. Ne2 Bh5 36. Qe3 Be5 37. Qxa7 Kd8 38. Qe3 c5 39. Qxg5+ Kc8 40. Qxh5
Qd2 41. Qxe5 1-0

[Event "43. Olimpiada Batumi 2018 Femenina"]
[Site "Batumi GEO"]
[Date "2018.10.02"]
[Round "8.2"]
[White "Santos, Judith"]
[Black "Fisher, Michelle M"]
[Result "0-1"]
[WhiteElo "1702"]
[BlackElo "1707"]
[PlyCount "86"]
[EventDate "2018.09.24"]
[EventType "team-swiss"]
[EventRounds "11"]
[EventCountry "GEO"]
[SourceTitle "Ajedrez en Madrid"]
[Source "lmi"]
[SourceDate "2018.09.24"]
[WhiteTeam "El Salvador"]
[BlackTeam "South Africa"]
[WhiteTeamCountry "ESA"]
[BlackTeamCountry "RSA"]

1. e4 e5 2. Nf3 Nc6 3. Bc4 Nf6 4. d3 Be7 5. c3 d6 6. Bb3 O-O 7. O-O Na5 8. Bc2
c5 9. h3 Nc6 10. Qe2 h6 11. Rd1 Re8 12. Nbd2 Bf8 13. Nf1 a6 14. a4 d5 15. g4 d4
16. Ng3 g6 17. Nh2 Nh7 18. f4 exf4 19. Bxf4 Bd6 20. Bxd6 Qxd6 21. Kg2 Ne5 22.
Rf1 Re6 23. Bb3 Rf6 24. Rxf6 Nxf6 25. Rd1 Be6 26. Bxe6 Qxe6 27. c4 b5 28. cxb5
axb5 29. axb5 Qb3 30. Rd2 Qxb5 31. Nf3 Nfd7 32. Nxe5 Nxe5 33. Nh1 Ra6 34. h4
Rf6 35. Rd1 Rf3 36. Nf2 Re3 37. Qc2 Nf3 38. Rh1 Ne1+ 39. Rxe1 Rxe1 40. Nd1 Qa5
41. h5 Qa1 42. Nf2 Rg1+ 43. Kf3 Qe1 0-1

[Event "43. Olimpiada Batumi 2018 Femenina"]
[Site "Batumi GEO"]
[Date "2018.10.02"]
[Round "8.3"]
[White "Selkirk, Rebecca"]
[Black "Zavala Galindo, Alejandra Beatri"]
[Result "1/2-1/2"]
[WhiteElo "1733"]
[BlackElo "1713"]
[PlyCount "94"]
[EventDate "2018.09.24"]
[EventType "team-swiss"]
[EventRounds "11"]
[EventCountry "GEO"]
[SourceTitle "Ajedrez en Madrid"]
[Source "lmi"]
[SourceDate "2018.09.24"]
[WhiteTeam "South Africa"]
[BlackTeam "El Salvador"]
[WhiteTeamCountry "RSA"]
[BlackTeamCountry "ESA"]

1. e4 c5 2. c3 d5 3. exd5 Qxd5 4. d4 Nf6 5. Nf3 e6 6. Be2 Be7 7. O-O O-O 8. h3
Nc6 9. Be3 cxd4 10. cxd4 b6 11. Nc3 Qd8 12. Ne5 Nb4 13. Bf3 Nbd5 14. Nc6 Qc7
15. Nxe7+ Qxe7 16. Bg5 Bb7 17. Nxd5 Bxd5 18. Bxd5 exd5 19. Qf3 Qe4 20. Qd1 Qf5
21. Bxf6 Qxf6 22. Rc1 Rac8 23. Qa4 h6 24. Rc3 Rxc3 25. bxc3 Qe7 26. c4 Rd8 27.
Rd1 Qe2 28. cxd5 Rxd5 29. Qb3 Rxd4 30. Rxd4 Qe1+ 31. Kh2 Qe5+ 32. Qg3 Qxd4 33.
Qb8+ Kh7 34. Qxa7 Qxf2 35. a4 f5 36. Qd7 Qc5 37. Qe8 Qd6+ 38. Kh1 Qd4 39. Qc6
Qf2 40. Qe8 Qc5 41. Qd7 h5 42. Kh2 Kh6 43. Qd2+ Kh7 44. Qd7 Qe5+ 45. Kh1 Qe1+
46. Kh2 Qe5+ 47. Kh1 Qe1+ 1/2-1/2

[Event "43. Olimpiada Batumi 2018 Femenina"]
[Site "Batumi GEO"]
[Date "2018.10.02"]
[Round "8.4"]
[White "Garcia Mendez, Alcira Guadalupe"]
[Black "Van Zyl, Charlize"]
[Result "0-1"]
[WhiteElo "1741"]
[BlackElo "1664"]
[PlyCount "158"]
[EventDate "2018.09.24"]
[EventType "team-swiss"]
[EventRounds "11"]
[EventCountry "GEO"]
[SourceTitle "Ajedrez en Madrid"]
[Source "lmi"]
[SourceDate "2018.09.24"]
[WhiteTeam "El Salvador"]
[BlackTeam "South Africa"]
[WhiteTeamCountry "ESA"]
[BlackTeamCountry "RSA"]

1. e4 c6 2. c4 d5 3. cxd5 cxd5 4. exd5 Qxd5 5. Nc3 Qa5 6. Nf3 Nf6 7. Bc4 e6 8.
O-O Be7 9. d4 O-O 10. Bg5 Nc6 11. Rc1 Rd8 12. Qd2 a6 13. Rfd1 b5 14. Bd3 Bb7
15. Qf4 h6 16. Bxh6 Nxd4 17. Nxd4 Rxd4 18. Qxd4 gxh6 19. Ne4 Nd5 20. Ng3 Qb4
21. Qxb4 Bxb4 22. a3 Bd6 23. Ne4 Be5 24. Rc2 Nf4 25. f3 Rd8 26. Rcd2 Bd4+ 27.
Kf1 Be3 28. Re2 Nxe2 29. Kxe2 Bb6 30. Nf6+ Kg7 31. Nh5+ Kf8 32. Nf6 Bd4 33. Ne4
Bxb2 34. Nc5 Bc8 35. a4 Ba3 36. Ne4 bxa4 37. Ra1 Bb4 38. Rxa4 a5 39. Nf6 Bb7
40. Ng4 Kg7 41. Ne5 f6 42. Nc4 Ba6 43. Nb2 Bxd3+ 44. Nxd3 Rd4 45. Nxb4 axb4 46.
Ke3 e5 47. g3 Kg6 48. Ra8 h5 49. h4 Rc4 50. Rb8 Kf5 51. Rb6 Rc3+ 52. Ke2 b3 53.
Rb4 Ke6 54. g4 hxg4 55. fxg4 Rh3 56. h5 Kf7 57. Kd2 Kg7 58. Kc1 Kh6 59. Kb2 Kg5
60. Rxb3 Rh2+ 61. Kc3 Kxg4 62. Kc4 Rxh5 63. Kd5 Kf4 64. Rb4+ e4+ 65. Kd4 f5 66.
Rb1 Rh3 67. Rf1+ Rf3 68. Rh1 Rd3+ 69. Kc4 Kg3 70. Re1 Kf2 71. Rh1 f4 72. Rh8 f3
73. Rh4 Ke3 74. Rh3 Kd2 75. Rh2+ Ke3 76. Rh3 Rd1 77. Kc3 Ke2 78. Kc2 f2 79. Rh2
e3 0-1

[Event "43. Olimpiada Batumi 2018 Femenina"]
[Site "Batumi GEO"]
[Date "2018.10.02"]
[Round "8.1"]
[White "Charinda, Kudzanayi"]
[Black "Rania, Sbai"]
[Result "0-1"]
[WhiteElo "1718"]
[BlackElo "1893"]
[PlyCount "30"]
[EventDate "2018.09.24"]
[EventType "team-swiss"]
[EventRounds "11"]
[EventCountry "GEO"]
[SourceTitle "Ajedrez en Madrid"]
[Source "lmi"]
[SourceDate "2018.09.24"]
[WhiteTeam "Zimbabwe"]
[BlackTeam "Morocco"]
[WhiteTeamCountry "ZIM"]
[BlackTeamCountry "MAR"]

1. c4 c6 2. Nf3 Nf6 3. Nc3 d5 4. e3 e6 5. a3 Nbd7 6. d4 Bd6 7. Bd3 O-O 8. c5
Bc7 9. O-O e5 10. dxe5 Nxe5 11. Be2 Qe7 12. Na4 Ne4 13. Bd2 Nxf3+ 14. gxf3 Qg5+
15. Kh1 Bh3 0-1

[Event "43. Olimpiada Batumi 2018 Femenina"]
[Site "Batumi GEO"]
[Date "2018.10.02"]
[Round "8.2"]
[White "Mayar ElIdrissi, Firdaous"]
[Black "Wakuruwarewa, Colletta"]
[Result "1-0"]
[WhiteElo "1797"]
[BlackElo "1577"]
[PlyCount "67"]
[EventDate "2018.09.24"]
[EventType "team-swiss"]
[EventRounds "11"]
[EventCountry "GEO"]
[SourceTitle "Ajedrez en Madrid"]
[Source "lmi"]
[SourceDate "2018.09.24"]
[WhiteTeam "Morocco"]
[BlackTeam "Zimbabwe"]
[WhiteTeamCountry "MAR"]
[BlackTeamCountry "ZIM"]

1. e4 e6 2. d4 d5 3. exd5 exd5 4. Nf3 Bf5 5. Bd3 Qc8 6. O-O Nf6 7. Re1+ Be7 8.
Bg5 Be6 9. Nc3 O-O 10. Ne5 Re8 11. Qf3 c6 12. h3 Nbd7 13. Qg3 Nf8 14. Re3 a6
15. Rae1 c5 16. Rf3 N8d7 17. Nxd7 Nxd7 18. Bxe7 Rxe7 19. Qh4 f6 20. Qxh7+ Kf8
21. Qh8+ Bg8 22. Rxe7 Kxe7 23. Qxg7+ Kd6 24. Qg3+ Kc6 25. dxc5 Kxc5 26. Na4+
Kc6 27. Bxa6 d4 28. Rd3 Rxa6 29. Rxd4 Qf8 30. Qc3+ Nc5 31. Rf4 Kb5 32. Qb4+ Kc6
33. Nxc5 Rb6 34. Qxb6+ 1-0

[Event "43. Olimpiada Batumi 2018 Femenina"]
[Site "Batumi GEO"]
[Date "2018.10.02"]
[Round "8.3"]
[White "Zengeni, Paidaishe"]
[Black "Ibrahimi, Khadija"]
[Result "1-0"]
[WhiteElo "1528"]
[BlackElo "1531"]
[PlyCount "61"]
[EventDate "2018.09.24"]
[EventType "team-swiss"]
[EventRounds "11"]
[EventCountry "GEO"]
[SourceTitle "Ajedrez en Madrid"]
[Source "lmi"]
[SourceDate "2018.09.24"]
[WhiteTeam "Zimbabwe"]
[BlackTeam "Morocco"]
[WhiteTeamCountry "ZIM"]
[BlackTeamCountry "MAR"]

1. e4 e5 2. Nf3 Nc6 3. d4 exd4 4. Bc4 Be7 5. c3 d6 6. cxd4 Nf6 7. Nc3 O-O 8. h3
Nxe4 9. Nxe4 d5 10. Bd3 dxe4 11. Bxe4 Qd6 12. O-O Bf6 13. Be3 Rd8 14. Qc2 g6
15. Bxc6 bxc6 16. Bg5 Bf5 17. Qc1 Be4 18. Ne5 Bxg5 19. Qxg5 f6 20. Qe3 fxe5 21.
Qxe4 Qxd4 22. Qxc6 Rac8 23. Qc2 Qb4 24. Rfd1 Rxd1+ 25. Rxd1 Qe7 26. Qa4 c6 27.
Qe4 Qc5 28. Rd7 Qc1+ 29. Kh2 Qc5 30. Qh4 h5 31. Qf6 1-0

[Event "43. Olimpiada Batumi 2018 Femenina"]
[Site "Batumi GEO"]
[Date "2018.10.02"]
[Round "8.4"]
[White "Alaoui Belghiti, Chaimaa"]
[Black "Nomalungelo, Mathe"]
[Result "1/2-1/2"]
[WhiteElo "1689"]
[BlackElo "1577"]
[PlyCount "84"]
[EventDate "2018.09.24"]
[EventType "team-swiss"]
[EventRounds "11"]
[EventCountry "GEO"]
[SourceTitle "Ajedrez en Madrid"]
[Source "lmi"]
[SourceDate "2018.09.24"]
[WhiteTeam "Morocco"]
[BlackTeam "Zimbabwe"]
[WhiteTeamCountry "MAR"]
[BlackTeamCountry "ZIM"]

1. c4 Nf6 2. Nc3 g6 3. g3 Bg7 4. Bg2 d6 5. Nf3 O-O 6. O-O e5 7. d3 h6 8. Rb1
Nc6 9. Bd2 Qe7 10. a3 Nd8 11. b4 Bd7 12. Qc2 c6 13. Nh4 g5 14. Nf3 d5 15. Bc1
d4 16. Ne4 Nxe4 17. dxe4 f5 18. Ne1 f4 19. Nd3 h5 20. Nc5 Bc8 21. Bd2 Ne6 22.
Nd3 Nd8 23. Qd1 h4 24. e3 Ne6 25. exf4 gxf4 26. Qh5 hxg3 27. hxg3 Qf6 28. gxf4
Nxf4 29. Nxf4 exf4 30. Rbe1 Qe5 31. Qxe5 Bxe5 32. f3 Be6 33. Rc1 Rf6 34. Kf2
Rg6 35. Rh1 Rg5 36. Bh3 Re8 37. Bxe6+ Rxe6 38. Rcg1 Rxg1 39. Rxg1+ Kf7 40. Rg4
Rf6 41. Rg5 Ke6 42. Rh5 Rf7 1/2-1/2

[Event "43. Olimpiada Batumi 2018 Femenina"]
[Site "Batumi GEO"]
[Date "2018.10.02"]
[Round "8.1"]
[White "Ravelomanana, Sabine"]
[Black "Marzouk, Amira"]
[Result "1-0"]
[WhiteElo "1821"]
[BlackElo "1745"]
[PlyCount "79"]
[EventDate "2018.09.24"]
[EventType "team-swiss"]
[EventRounds "11"]
[EventCountry "GEO"]
[SourceTitle "Ajedrez en Madrid"]
[Source "lmi"]
[SourceDate "2018.09.24"]
[WhiteTeam "Madagascar"]
[BlackTeam "Tunisia"]
[WhiteTeamCountry "MAD"]
[BlackTeamCountry "TUN"]

1. Nf3 Nf6 2. d4 e6 3. Bf4 c5 4. c3 d5 5. e3 Nbd7 6. Nbd2 Nh5 7. Bg3 Nxg3 8.
hxg3 Be7 9. Bd3 Nf6 10. Ne5 O-O 11. Qf3 g6 12. O-O-O cxd4 13. exd4 Nd7 14. g4
Kg7 15. Qh3 Rh8 16. f4 Nxe5 17. Qh6+ Kg8 18. dxe5 Bf8 19. Qh3 Qa5 20. Kb1 Bd7
21. Nb3 Qb6 22. f5 exf5 23. gxf5 Re8 24. Qg3 Ba4 25. e6 fxe6 26. fxg6 h6 27.
Rdf1 Bg7 28. Rf7 Bxb3 29. Rxg7+ Kxg7 30. Qe5+ Kg8 31. g7 Bxa2+ 32. Kxa2 Rh7 33.
Bxh7+ Kxh7 34. Kb1 Rg8 35. Qf6 Rxg7 36. Qxh6+ Kg8 37. Qh8+ Kf7 38. Rf1+ Kg6 39.
g4 Rh7 40. Qf6# 1-0

[Event "43. Olimpiada Batumi 2018 Femenina"]
[Site "Batumi GEO"]
[Date "2018.10.02"]
[Round "8.2"]
[White "Miladi, Amen"]
[Black "Raharimanana, Faratiana"]
[Result "0-1"]
[WhiteElo "1702"]
[BlackElo "1660"]
[PlyCount "108"]
[EventDate "2018.09.24"]
[EventType "team-swiss"]
[EventRounds "11"]
[EventCountry "GEO"]
[SourceTitle "Ajedrez en Madrid"]
[Source "lmi"]
[SourceDate "2018.09.24"]
[WhiteTeam "Tunisia"]
[BlackTeam "Madagascar"]
[WhiteTeamCountry "TUN"]
[BlackTeamCountry "MAD"]

1. e4 e6 2. d4 d5 3. Nd2 Nf6 4. e5 Nfd7 5. f4 c5 6. c3 Nc6 7. Ndf3 Qb6 8. a3
cxd4 9. cxd4 Be7 10. b4 a6 11. Bb2 Qd8 12. Bd3 f5 13. exf6 Nxf6 14. Ne5 Bd7 15.
Ngf3 g6 16. Qc2 Rg8 17. O-O Rc8 18. Qb1 Bd6 19. Ng5 Qe7 20. Qd1 Rg7 21. Re1
Bxe5 22. fxe5 Ng8 23. Bc1 h6 24. Nh3 Kd8 25. Bb1 Be8 26. Rf1 g5 27. Nf2 Rf7 28.
Bg6 Rxf2 29. Rxf2 Bxg6 30. Bb2 Kd7 31. Qf1 h5 32. b5 axb5 33. Qxb5 Rc7 34. Raf1
Nh6 35. Rf6 Qg7 36. Bc1 Nf5 37. Rd1 g4 38. Bg5 Bf7 39. Rf1 Kc8 40. Qa4 Qxg5 41.
Qa8+ Nb8 42. Qa4 Qg8 43. Rb1 Qd8 44. Qa7 Qd7 45. a4 Qc6 46. Qa5 Qc2 47. Qb5 Nc6
48. Qb6 h4 49. a5 h3 50. gxh3 gxh3 51. Rb2 Qc1+ 52. Kf2 Qe3+ 53. Kf1 Qf3+ 54.
Kg1 Ncxd4 0-1

[Event "43. Olimpiada Batumi 2018 Femenina"]
[Site "Batumi GEO"]
[Date "2018.10.02"]
[Round "8.3"]
[White "Andriantsiferana, Irina"]
[Black "Meddeb, Chadha"]
[Result "0-1"]
[WhiteElo "1540"]
[BlackElo "1619"]
[PlyCount "60"]
[EventDate "2018.09.24"]
[EventType "team-swiss"]
[EventRounds "11"]
[EventCountry "GEO"]
[SourceTitle "Ajedrez en Madrid"]
[Source "lmi"]
[SourceDate "2018.09.24"]
[WhiteTeam "Madagascar"]
[BlackTeam "Tunisia"]
[WhiteTeamCountry "MAD"]
[BlackTeamCountry "TUN"]

1. e4 e6 2. d4 d5 3. exd5 exd5 4. Bd3 Nf6 5. h3 Be6 6. Nf3 Bd6 7. Be3 Nbd7 8.
c3 c6 9. Nbd2 Qc7 10. Ng5 O-O-O 11. Qa4 Kb8 12. Nxe6 fxe6 13. c4 Nb6 14. Qc2
dxc4 15. Nxc4 Nxc4 16. Qxc4 Nd5 17. O-O-O h6 18. Kb1 Rhf8 19. Rhf1 Rf6 20. Be4
Rdf8 21. Bf3 Qf7 22. Bxd5 exd5 23. Qc2 Re6 24. Rd3 Qg6 25. f4 Ref6 26. Ka1 Bxf4
27. Bxf4+ Rxf4 28. Rxf4 Rxf4 29. Qe2 Re4 30. Re3 Qg5 0-1

[Event "43. Olimpiada Batumi 2018 Femenina"]
[Site "Batumi GEO"]
[Date "2018.10.02"]
[Round "8.4"]
[White "Hilali, Wissal"]
[Black "Razafimahefa, Lalaina Vololona"]
[Result "1-0"]
[WhiteElo "1419"]
[BlackElo "1442"]
[PlyCount "57"]
[EventDate "2018.09.24"]
[EventType "team-swiss"]
[EventRounds "11"]
[EventCountry "GEO"]
[SourceTitle "Ajedrez en Madrid"]
[Source "lmi"]
[SourceDate "2018.09.24"]
[WhiteTeam "Tunisia"]
[BlackTeam "Madagascar"]
[WhiteTeamCountry "TUN"]
[BlackTeamCountry "MAD"]

1. d4 Nf6 2. Bf4 d6 3. e3 g6 4. Nf3 Bg7 5. h3 Nbd7 6. c4 c6 7. Nc3 O-O 8. Be2
Re8 9. Qc2 e5 10. Bh2 e4 11. Nd2 d5 12. cxd5 cxd5 13. Qb3 Qa5 14. Nb5 Nb6 15.
Nc7 Bd7 16. Nxa8 Rxa8 17. Rc1 Bf8 18. a3 Na4 19. Qxb7 Re8 20. Be5 Nxb2 21. Bxf6
Bxa3 22. Qxd7 Nd3+ 23. Bxd3 Rf8 24. Qc7 Qxc7 25. Rxc7 exd3 26. Rxa7 Rc8 27. O-O
Bb4 28. Rd1 h5 29. Nf3 1-0

[Event "43. Olimpiada Batumi 2018 Femenina"]
[Site "Batumi GEO"]
[Date "2018.10.02"]
[Round "8.1"]
[White "Joshi, Sindira"]
[Black "Granados Diaz, Maria Esther"]
[Result "0-1"]
[WhiteElo "1584"]
[BlackElo "1817"]
[PlyCount "48"]
[EventDate "2018.09.24"]
[EventType "team-swiss"]
[EventRounds "11"]
[EventCountry "GEO"]
[SourceTitle "Ajedrez en Madrid"]
[Source "lmi"]
[SourceDate "2018.09.24"]
[WhiteTeam "Nepal"]
[BlackTeam "Nicaragua"]
[WhiteTeamCountry "NEP"]
[BlackTeamCountry "NCA"]

1. e4 c5 2. Nc3 a6 3. f4 e6 4. Nf3 d5 5. exd5 exd5 6. d4 Nf6 7. g3 Nc6 8. Bg2
Bg4 9. Qe2+ Be7 10. dxc5 O-O 11. O-O Bxc5+ 12. Kh1 Re8 13. Qd1 Qd7 14. Re1 Nd4
15. Rxe8+ Rxe8 16. Bd2 Ne4 17. Qf1 Nxf3 18. Nxe4 dxe4 19. Bc3 Re6 20. h3 Bxh3
21. Rd1 Bxg2+ 22. Kxg2 Rh6 23. Qh1 Qxd1 24. Qxd1 Rh2+ 0-1